LEADER 01125nam a2200253 u 4500 001 000000115319 003 CaOOAMICUS 005 20090415175642.0 008 090415s2009 it u000 u ita r 020 $z978-88-211-6829-1* 040 $aPUL$bita$dLDB 100 1 $aStancari, Pino,$cS.I.,$d1946-$0(OLS)http://pul/name/24773 245 10$aFino a quando, Signore? :$buna lectio divina del Libro di Isaia /$cPino Stancari. 260 $aGenova :$bMarietti,$cc2009. 300 $a355 p. ;$c21 cm 490 1 $aDabar : studi biblici e giudastici ;$v13 630 04$aBiblia.$pV.T.$pIsaias.$0(OLS)http://pul/subject/17254 830 0$aDabar : studi biblici e giudastici ;$v13.$0(OLS)http://pul/title/43502 850 $aPUL 852 $aPUL$W1$xSL Religione 3$y85$m224. 1 STAPI 1$j132066$qDDC 21$B131046$CPULBib$Z2$F131046 $H109998 $82 941 1 $a9 996 $6020$z978-88-211-6829-1*$9(OLS)http://pul/number/140371 996 $6245$aFino a quando, Signore? :$buna lectio divina del Libro di Isaia$9(OLS)http://pul/title/144931 996 $6260$aGenova :$bMarietti$9(OLS)http://pul/publisher/48994 LEADER 01284nam a2200265 u 4500 001 000000051789 003 CaOOAMICUS 005 20070226115357.0 008 000927s1936 it u000 u ita u 035 $a10856664 040 $aPUL(R)$bita 100 1 $aQuattrocchio, Antonio.$0(OLS)http://pul/name/37159 245 13$aLo stato civile italiano :$blegislazione coordinata e aggiornata : istruzioni, circolari, giurisprudenza, formulario /$cAntonio Quattrocchio. 260 $aComo :$bC. Nani,$c1936. 300 $axix, 401 p. ;$c25 cm 500 $aContiene indici. 650 4$aDiritto amministrativo$zItalia.$0(OLS)http://pul/subject/8339 650 4$aStatuti comunali$zItalia.$0(OLS)http://pul/subject/6537 850 $aPUL 852 $aPUL$W1$xDP1 Fondo Ciprotti$y59$m1540 D 20$j68575$nBK-PRI$b $qFondi$B68575$CPULBib$Z2$F68575 $H $81 852 $aPUL$W1$xDP1 Cons. Gen., Altre Classi 1$y22$m833 F 9$j125897$ac. 2$qStampati$B124625$CPULBib$Z2$F124625 $82 941 1 $a1 961 $aINV: F. Ciprotti 996 $6245$aLo stato civile italiano :$blegislazione coordinata e aggiornata : istruzioni, circolari, giurisprudenza, formulario$9(OLS)http://pul/title/69527 996 $6260$aComo :$bC. Nani$9(OLS)http://pul/publisher/68120